An Analysis of Kenya's legal framework on assisted Human Reproduction: Surrogacy/ (Record no. 4255)

000 -LEADER
fixed length control field 00425nam a22001457a 4500
003 - CONTROL NUMBER IDENTIFIER
control field OSt
005 - DATE AND TIME OF LATEST TRANSACTION
control field 20210224092047.0
008 - FIXED-LENGTH DATA ELEMENTS--GENERAL INFORMATION
fixed length control field 210224b xxu||||| |||| 00| 0 eng d
050 ## - LIBRARY OF CONGRESS CALL NUMBER
Classification number RUSC K3611.A77.O555 2019
100 ## - MAIN ENTRY--PERSONAL NAME
Personal name Ooko, W. Loise
245 ## - TITLE STATEMENT
Title An Analysis of Kenya's legal framework on assisted Human Reproduction: Surrogacy/
Statement of responsibility, etc Loise Winnie Ooko
260 ## - PUBLICATION, DISTRIBUTION, ETC. (IMPRINT)
Place of publication, distribution, etc Nairobi
Date of publication, distribution, etc 2019
300 ## - PHYSICAL DESCRIPTION
Extent xi, 57 p:
942 ## - ADDED ENTRY ELEMENTS (KOHA)
Source of classification or shelving scheme
Koha item type Research Project
Holdings
Withdrawn status Lost status Source of classification or shelving scheme Damaged status Not for loan Home library Current library Shelving location Date acquired Total Checkouts Full call number Barcode Date last seen Price effective from Koha item type
          Riara University Library Riara University Library Special Collection 24/02/2021   RUSC K3611.A77.O555 2019 10302/19 24/02/2021 24/02/2021 Research Project

Riara University Library,
P.O. Box 49940-00100,
Nairobi, Kenya.